000 00646nam a22002177a 4500
999 _c10884
_d10884
003 AR-CdUCM
008 190402b ||||| |||| 00| 0 spa d
040 _aMUNICIPALIDAD PROVINCIAL DEL CUSCO
_cBIBLIOTECA MUNICIPAL DEL CUSCO
082 _aEP / 372 /
_bF11
110 _aCodex
_924835
245 _aEl Leopardo :
_bLa escuela de los leoprados /
260 _aBuenos Aires :
_bCodex,
_c1964.
300 _atomos ;
_bilustraciones, graficos, dibujos, cuadros,
_c31 cm.
500 _aCuentas
650 _aCuentos
_9217
650 _aFabulas
_94606
650 _aCuentos
_9217
650 _aTextos
_94584
942 _2ddc
_cLIBROS
945 _apjha